01597agaaa2200265 45000010005000000030009000050050017000140070009000310080040000400400023000800410013001031000041001161300045001572450178002022500022003802600096004023000032004985080059005305110079005895200525006685380016011935460013012096500056012227000053012781620IT-RoPAU20220918181310.0d cvaizq50131s9999||||xx ||| | || ||und|| aIT-RoPAUcIT-RoPAU aITALIANO aVidor KinggCodice regista SPICS: 39 aSTREET SCENE (PALCOSCENICO SULLA STRADA) aSTREET SCENE (PALCOSCENICO SULLA STRADA)cProdotto da: Goldwin Samuel Diretto da: Vidor KingpSTREET SCENE (PALCOSCENICO SULLA STRADA) (Rif. Codice opera principale : 21620) aEdizione Standard a(USA)bGOLDWIN SAMUEL / Distribuzione: RAIc"1931 (1° ed.: 1988 ; Ed. Lingua Orig.: 1931)" aVHSbsonoro, b&wc80 minuti a"Fotografia: Barnes George; Montaggio: Bennett Hugh; " a"Sidney Sylvia; Bondi Beulah; Collier William; Taylor Estelle; Montor Max" aALTRI-INTERPRETI: DAVID-LANDAU RUSSELL-HOPTON LOUIS-NATHEAUXESTATE E CALORI SONO NEL PIENO L'UNICA E' SCENDERE IN STRADA MAGARI FERMANDOSI SUGLI SCALINI ED E' QUELLO CHE FANNO GLI ABITANTI DI UN CASEGGIATO NEISOBBORGHI DI NEW YORK OGNUNO HA UNA STORIA DA RACCONTARE UN DISCORSO DA PROPORRE UN PETTEGOLEZZO DA RIFERIRE LO SPACCATO DA ANALIZZARE E' TUTTO LI' ASPIRAZIONI PROBLEMI DIFFERENZE IDEOLOGICHE FIN QUI TUTTO BENE MA ESPLODE UNDRAMMA DELLA GELOSIA LE SUE CONSEGUENZE FARANNO SOFFRIRE QUALCUNO FILM IN BIANCO E NERO aPAL, STEREO aITALIANO aDRAMMATICOeFILMS [VHS]xCodice MATERIA SPICS: 9960 aVidor King e(regista)gCodice regista SPICS: 39